00751nam a2200193 a 450000100100000000500170001000800410002702000180006804000250008610000250011124501570013626000480029330000210034149000240036250000730038650000420045950400320050183000240053300003930220201002031603.0130621s2012 pr 000 0 spa d a9789945455847 aDO-SdBNPbspacBNPHU1 aRivera Colón, Irma13aLa huella de Palés :bsu presencia en las voces de Luis Rafael Sánchez, Yván Silén, Mayra Santos Febres y Ana Lydia Vega /cIrma Rivera Colón. aSan Juan, Puerto Rico :bIsla Negra,c2012. a222 p. ;c23 cm.1 aVisiones y Cegueras aIncluye datos biográficos de la autora en la solapa de la cubierta aIncluye notas al pie de las páginas aBibliografía : p. 211-222 0aVisiones y Cegueras